[Event "E World Cup 2023"]
[Site "Chess.com"]
[Date "2023.08.22"]
[Round "8"]
[White "Abbasov, Nijat"]
[Black "Caruana, Fabiano"]
[Result "1-0"]
[WhiteElo "2646"]
[BlackElo "2782"]
[EventDate "2023.??.??"]
[Annotator "rafael"]
[PlyCount "51"]
[Beauty "8247008301065"]
[EventType "team-tourn"]
[EventCountry "FID"]
[TimeControl "40/5400+30:1800+30"]

{[%evp 0,51,25,15,30,17,27,-7,-11,-25,8,-7,14,5,14,0,3,-11,-14,-14,1,-5,0,0,14,-13,11,2,11,5,9,-14,2,7,5,11,10,24,28,25,51,28,17,11,67,46,36,-6,14,37,32,36,39,264]} 
1.d4 Nf6 2.Nf3 d5 3.c4 e6 4.g3 Be7 5.Bg2 O-O 6.O-O dxc4 7.Qc2 a6 8.a4 Bd7 9.Qxc4 Bc6 10.Bg5 Nbd7 11.Nc3 h6 {This is one of the main lines of the Catalan Opening. The next move is a small surprise, as it is much less common than taking the knight on f6.} 12.Bf4 ( 12.Bxf6 {is the most popular move and was played a couple of times against Caruana in 2023.} ) 12...Bd6 13.Qd3 {Played only once, in a correspondence game.} ( 13.Bxd6 cxd6 {with an equal position.} ) ( 13.Bd2 {is also possible.} ) 13...Bxf4 14.gxf4 a5 {A novelty. Fixing the pawn structure this way is typical in the Catalan. Black has many alternatives:} ( 14...Qe7 15.e4 Rad8 16.Qe3 {with some pressure for White in Kornyushin-Oren, email 2018.} ) ( 14...Nd5 {is interesting, to exchange the knights and give Black some relief.} 15.Nxd5 Bxd5 16.e4 Bc6 17.Qe3 Nb6 {with chances for both sides.} ) ( 14...b5 {is also interesting, a dynamic move to gain space on the queenside. If White takes the pawn, the position simplifies after:} 15.axb5 axb5 16.Nxb5 Rxa1 17.Rxa1 Qb8 {The b2-pawn will be captured, with a likely draw.} ) 15.Kh1 Bxf3 $6 {[%c_effect f3;square;f3;type;Inaccuracy;persistent;true] I don't think this capture is necessary.} ( 15...Nd5 ) ( 15...Qe7 ) 16.Bxf3 c6 {With a good pawn structure and the g-file ready to be used, it's clear that White's position is more pleasant.} 17.Rg1 ( 17.e4 $1 {[%c_effect e4;square;e4;type;GreatFind;persistent;true] is more accurate, avoiding ...Nd5.} ) 17...Kh8 ( 17...Nd5 $1 {[%c_effect d5;square;d5;type;GreatFind;persistent;true]} 18.e3 N7f6 {Followed by Kh8-Rg8, and it's harder for White to attack since the e4-e5 advance is impossible.} ) 18.e4 $1 {[%c_effect e4;square;e4;type;GreatFind;persistent;true]} 18...Qe7 19.Rg3 ( 19.e5 $1 {[%c_effect e5;square;e5;type;GreatFind;persistent;true] is even stronger. White already has a clear advantage, for instance:} 19...Nd5 $6 {[%c_effect d5;square;d5;type;Inaccuracy;persistent;true]} 20.Bxd5 cxd5 21.f5 {with a strong attack.} ) 19...Rad8 20.Rag1 Rg8 21.e5 Nh7 ( 21...Nd5 $2 {[%c_effect d5;square;d5;type;Mistake;persistent;true] is a more natural square, but a mistake.} 22.Nxd5 ( 22.Bxd5 {is also good.} 22...cxd5 ( 22...exd5 23.f5 ) 23.Nb5 {with a winning positional advantage.} ) 22...cxd5 23.f5 {with an overwhelming advantage.} ) 22.Qe3 $6 {[%c_effect e3;square;e3;type;Inaccuracy;persistent;true] Not very convincing.} ( 22.Ne4 {is the most natural move:} 22...Nb6 23.f5 $1 {[%c_effect f5;square;f5;type;GreatFind;persistent;true]} ( 23.Nd6 Nc8 {doesn't give much to White.} ) 23...exf5 24.Nd6 {Now Black has to sacrifice the exchange.} 24...Rxd6 25.exd6 Qe6 $1 {[%c_effect e6;square;e6;type;GreatFind;persistent;true] The game becomes double-edged: it seems Black has decent play.} ( 25...Qxd6 {is bad:} 26.Qxf5 Nf6 27.Qxa5 Qxd4 28.Qa7 $1 {[%c_effect a7;square;a7;type;GreatFind;persistent;true] with a big advantage for White.} ) ) ( 22.Ne2 {is a difficult move to find, and the computer's suggestion. The plan is to follow up with 23.Qc3 attacking the a-pawn.} 22...Nb6 23.f5 $1 {[%c_effect f5;square;f5;type;GreatFind;persistent;true] Now this move is possible since the knight cannot take on e5. White has the advantage.} ) 22...Nb6 ( 22...f5 $1 {[%c_effect f5;square;f5;type;GreatFind;persistent;true] The advance of the f-pawn is an important resource for Black. It gains space, and if White captures en passant, his structure is weakened. Black's knight would also be able to reach d5 more efficiently.} 23.Bd1 ( 23.exf6 Ndxf6 {with a good position for Black.} ( 23...Nhxf6 ) ) 23...Nb6 24.Bb3 Nf8 {with an equal position.} ) 23.Be4 Qb4 $4 {[%c_effect b4;square;b4;type;Blunder;persistent;true] A blunder that loses the game immediately.} ( 23...g6 {was suggested by Abasov in the post-game interview.} ) ( 23...f5 $1 {[%c_effect f5;square;f5;type;GreatFind;persistent;true] is the most accurate. Black is not worse.} 24.exf6 ( 24.Bb1 Nf8 {with a solid position.} ) 24...Nxf6 25.Bb1 Qd6 {with counterplay.} ) 24.Bxh7 $1 {[%c_effect h7;square;h7;type;GreatFind;persistent;true]} 24...Kxh7 25.Ne4 {There are too many pieces on the attack.} 25...Qe7 ( 25...Qxd4 26.Ng5+ ( 26.Nf6+ {also wins.} ) 26...Kh8 ( 26...hxg5 27.Rh3+ Kg6 28.Rxg5# ) 27.Nxf7+ ) 26.f5 {The attack cannot be stopped. A shocking defeat for Caruana and another great game in Abasov's memorable tournament.} ( 26.f5 exf5 ( 26...Nd5 27.f6 Nxe3 28.Rxg7+ Rxg7 29.Rxg7+ Kh8 30.fxe7 {winning.} ) 27.Nf6+ $1 {[%c_effect f6;square;f6;type;GreatFind;persistent;true]} 27...gxf6 ( 27...Kh8 28.Qxh6+ gxh6 29.Rxg8+ Rxg8 30.Rxg8# ) 28.Qxh6+ Kxh6 29.Rh3# ) 1-0

[Event "Speed Chess Championship 2023"]
[Site "?"]
[Date "2023.09.12"]
[Round "?"]
[White "Gukesh, D."]
[Black "Vachier Lagrave, Maxime"]
[Result "0-1"]
[WhiteElo "2659"]
[BlackElo "2722"]
[EventDate "2023.??.??"]
[Annotator "rafael"]
[PlyCount "74"]
[Beauty "7838986422814"]
[EventType "game"]

{[%evp 0,74,27,22,42,42,69,44,44,35,36,37,25,31,30,-1,2,-2,-2,-6,21,21,20,-8,2,-4,-4,7,3,8,17,21,33,19,41,45,75,35,35,36,31,35,36,29,24,33,53,32,29,27,27,3,27,9,13,13,13,8,8,-58,8,4,75,-101,-108,-157,-157,-324,-239,-239,-250,-395,-395,-433,-432,-417,-437]} 
1.e4 c5 2.Nf3 d6 3.d4 cxd4 4.Qxd4 Nc6 5.Bb5 Bd7 6.Qd3 {An interesting alternative to the more popular 6.Bxc6.} ( 6.Bxc6 ) 6...g6 7.c4 Bg7 8.O-O Nf6 9.Nc3 {White has the traditional Maroczy structure (pawns on e4 and c4) but with somewhat strange pieces: the queen on d3 and the bishop on b5.} 9...Ng4 {A rare move. The idea is to place the knight on e5, but it backfires against precise play.} ( 9...O-O {is played most often.} ) 10.Bxc6 $1 {[%c_effect c6;square;c6;type;GreatFind;persistent;true]} 10...Bxc6 11.Nd4 {A new and not very effective move.} ( 11.h3 $1 {[%c_effect h3;square;h3;type;GreatFind;persistent;true]} 11...Ne5 12.Nxe5 Bxe5 13.Bh6 {avoids castling and gave White the initiative in Socko-Sutovsky, Eu-ch playoff Rijeka (rapid) 2010.} ) 11...O-O ( 11...Qa5 {is very interesting, since Black wins a pawn if White plays the most natural move:} 12.h3 $6 {[%c_effect h3;square;h3;type;Inaccuracy;persistent;true]} 12...Ne5 13.Qe2 Qc5 $1 {[%c_effect c5;square;c5;type;GreatFind;persistent;true]} ) 12.h3 Ne5 13.Qe2 Rc8 ( 13...Qb6 $1 {[%c_effect b6;square;b6;type;GreatFind;persistent;true] is the right way to play, planning to attack the c4-pawn before White can stabilize the position.} 14.Be3 Qb4 $1 {[%c_effect b4;square;b4;type;GreatFind;persistent;true]} 15.Nd5 Bxd5 16.cxd5 Rfc8 {with equal chances.} ) 14.Be3 {Now White gets the kind of position he wants with this system with more space and no counterplay for Black.} 14...Bd7 15.b3 a6 16.Rac1 e6 {Vachier-Lagrave is a very active player and has his eyes on all the possible pawn breaks: b5, d5, and f5.} 17.Rfd1 Qe7 18.Qd2 ( 18.f4 {is natural and good:} 18...Nc6 19.Nf3 {White can start pressing the d6-pawn and has a clear advantage.} ) 18...Rfd8 19.a4 Be8 20.Nde2 Nc6 21.Bb6 Rd7 22.Qe3 h5 23.a5 g5 $5 {[%c_effect g5;square;g5;type;Interesting;persistent;true] This is how Vachier Lagrave plays and that's why he has so many fans around the world. He advances the kingside in order to create some chances, even if this creates weaknesses in his position.} 24.Nd4 {The start of a dubious knight maneuver. White should probably break on f4, now or after the preparatory 24.Rf1, with the advantage in both cases.} ( 24.f4 gxf4 25.Nxf4 ) ( 24.Rf1 ) 24...Ne5 25.Nf3 $6 {[%c_effect f3;square;f3;type;Inaccuracy;persistent;true]} ( 25.Nde2 {It's not too late to revert to the plan with f2-f4.} ) 25...f6 26.Ne2 ( 26.Nxe5 {is possible, but doesn't bring big dividends after} 26...dxe5 ( 26...fxe5 $6 {[%c_effect e5;square;e5;type;Inaccuracy;persistent;true] is dubious, since the d5-pawn becomes a target.} 27.Rd3 ) ) 26...Bg6 27.Nfd4 Bh6 28.f3 Kh7 {In the last moves, Gukesh wasn't able to show a clear plan, while Vachier-Lagrave has improved his position considerably.} 29.Qf2 $6 {[%c_effect f2;square;f2;type;Inaccuracy;persistent;true]} ( 29.g4 {It's interesting to avoid the advance g5-g4 in a radical way. The position is even.} ) 29...Rg8 ( 29...d5 $1 {[%c_effect d5;square;d5;type;GreatFind;persistent;true] is stronger:} 30.cxd5 Rxc1 31.Nxc1 exd5 {with excellent counterplay.} ) 30.Rc3 ( 30.g4 ) 30...g4 {Sharpening the game. We arrive at the game's critical moment.} 31.f4 $2 {[%c_effect f4;square;f4;type;Mistake;persistent;true]} ( 31.hxg4 {It's necessary to capture before pushing the f-pawn.} 31...hxg4 32.f4 Bxe4 33.Ng3 {Compared to the game, Black doesn't have the option of taking on h3 now. After} 33...Bg6 34.f5 exf5 35.Ndxf5 Bxf5 36.Nxf5 {White has good compensation for the pawn.} ) 31...Bxe4 $1 {[%c_effect e4;square;e4;type;GreatFind;persistent;true]} 32.fxe5 ( 32.Qh4 {is the only chance according to the computer, but no human plays like this.} ) ( 32.Ng3 gxh3 $1 {[%c_effect h3;square;h3;type;GreatFind;persistent;true] wins for Black.} ) 32...dxe5 {The knight on d4 cannot move. White's position collapses quickly.} 33.Ng3 gxh3 $1 {[%c_effect h3;square;h3;type;GreatFind;persistent;true]} 34.Kh2 exd4 35.Bxd4 e5 {Another piece is pinned on the d-file.} 36.Bc5 Rxd1 $1 {[%c_effect d1;square;d1;type;GreatFind;persistent;true]} 37.Bxe7 hxg2 {White cannot defend the threat of 38...Rh1+.} 0-1

[Event "Levitov Chess Week 2023"]
[Site "Amsterdam"]
[Date "2023.09.22"]
[Round "3.5"]
[White "Anand, Viswanathan"]
[Black "So, Wesley"]
[Result "1-0"]
[WhiteElo "2751"]
[BlackElo "2783"]
[EventDate "2023.??.??"]
[Annotator "rafael"]
[PlyCount "47"]
[Beauty "8246739910186"]
[EventType "team-tourn"]
[EventCountry "NED"]

1.e4 e6 2.d4 d5 3.Nc3 Nf6 4.e5 Nfd7 5.f4 c5 6.Nf3 Nc6 7.Be3 Be7 8.Qd2 a6 9.dxc5 {Anand releases the central tension immediately. Carlsen chose another move in a recent game.} ( 9.Bd3 c4 {A commital decision.} ( 9...b5 {is more flexible.} ) 10.Be2 b5 11.f5 ( 11.a3 {is more accurate.} ) 11...Nb6 12.fxe6 fxe6 ( 12...Bxe6 $1 {[%c_effect e6;square;e6;type;GreatFind;persistent;true]} ) 13.O-O {with an advantage for White in Carlsen-Firouzja, Julius Baer (rapid) 2023.} ) 9...Nxc5 10.a3 {A good, useful move against Black's b5-b4 advance. Castling immediately is also possible.} ( 10.O-O-O ) 10...O-O 11.Qf2 b6 {A difficult choice. Black has two other important moves.} ( 11...Qa5 12.O-O-O {was played in Huschenbeth-Vallejo Pons, Bundesliga 2022.} ) ( 11...Nd7 {looks strange, but Black wants to break with f7-f6.} 12.Nd4 Nxd4 13.Bxd4 f6 $1 {[%c_effect f6;square;f6;type;GreatFind;persistent;true]} 14.exf6 Bxf6 15.Bxf6 ( 15.O-O-O {is a good alternative.} ) 15...Qxf6 16.g3 g5 {with a very complicated position in Karjakin-Adhiban, Tata Steel 2017.} ) 12.O-O-O ( 12.b4 {Kramnik, who is also playing in this tournament, won a spectacular game with this move. The idea, however, is refuted by modern computers.} 12...Nd7 $2 {[%c_effect d7;square;d7;type;Mistake;persistent;true]} ( 12...f6 $3 {[%c_effect f6;square;f6;type;Brilliant;persistent;true] is the brillitant refutation, sacrificing a piece. After} 13.bxc5 bxc5 {Black has adequate compensation. Here's one of the most interesting computer lines:} 14.Bxc5 Qa5 $1 {[%c_effect a5;square;a5;type;GreatFind;persistent;true]} 15.Bd4 fxe5 16.Nxe5 Nxd4 17.Qxd4 Rxf4 18.Nc6 $1 {[%c_effect c6;square;c6;type;GreatFind;persistent;true] The game follows an incredible sequence of creative tactics.} 18...Bc5 $1 {[%c_effect c5;square;c5;type;GreatFind;persistent;true]} 19.Qxg7+ Kxg7 20.Nxa5 Bd4 21.Kd2 Rf2+ 22.Be2 Bxc3+ 23.Kxc3 Rxe2 24.Rae1 {with an equal endgame.} ) 13.Bd3 f6 14.Qg3 {with a clear advantage for White in Kramnik-Meier, Baku Olympiad 2016.} ) 12...Qc7 {Removing the queen from the d1-rook's x-ray is useful.} ( 12...f6 {is an alternative.} ) 13.Bd3 {A new move.} ( 13.Kb1 {is the standard reaction and leads to a double-edged position after} 13...f5 14.exf6 Bxf6 15.Qe1 Bd7 16.g3 Rac8 {Haubro-Hjartason, Helsingor 2019.} ) 13...Bb7 {This is not the most accurate.} ( 13...f5 {is dubious since White can prepare the g2-g4 break with} 14.Rhg1 $1 {[%c_effect g1;square;g1;type;GreatFind;persistent;true]} ) ( 13...Nxd3+ 14.Rxd3 b5 {leads to an unclear position: Black's counterplay on the queenside looks fast enough.} ) ( 13...f6 $1 {[%c_effect f6;square;f6;type;GreatFind;persistent;true] is the best, according to the machine.} 14.exf6 ( 14.Qg3 f5 $1 {[%c_effect f5;square;f5;type;GreatFind;persistent;true] is an improved version for Black.} ) 14...Bxf6 {with counterplay.} ) 14.Qg3 ( 14.Kb1 $1 {[%c_effect b1;square;b1;type;GreatFind;persistent;true] is better. When in doubt, play Kb1. This irrefutable piece of advice once again proves true.} ) 14...f5 15.Kb1 {It is always difficult to decide whether the pawn should be captured en passant or not.} ( 15.exf6 Rxf6 {The position is roughly equal.} ) 15...b5 $2 {[%c_effect b5;square;b5;type;Mistake;persistent;true] After this error the position becomes very difficult to defend.} ( 15...Ne4 $1 {[%c_effect e4;square;e4;type;GreatFind;persistent;true] is necessary:} 16.Bxe4 fxe4 17.Ng5 ( 17.Nd4 $6 {[%c_effect d4;square;d4;type;Inaccuracy;persistent;true]} 17...Nxd4 18.Bxd4 b5 {Black's attack is coming faster.} ) 17...Bxg5 ( 17...Bc8 {is also possible.} ) 18.Qxg5 Ne7 {with a balanced position.} ) 16.Bxc5 $1 {[%c_effect c5;square;c5;type;GreatFind;persistent;true] An excellent move. The knight is removed from the board before it can land on e4. It's not easy to exchange the important dark-squared bishop, but this is done for a good reason. White's attack with g2-g4 comes very quickly.} 16...Bxc5 17.Qh3 {White is threatening 18.Ng5 and also prepares the advance of the g-pawn.} 17...g6 ( 17...Bc8 $1 {[%c_effect c8;square;c8;type;GreatFind;persistent;true] is the best chance, although White's attack is still very dangerous:} 18.g4 b4 19.gxf5 $1 {[%c_effect f5;square;f5;type;GreatFind;persistent;true]} 19...bxc3 20.f6 $1 {[%c_effect f6;square;f6;type;GreatFind;persistent;true] There are some crazy and interesting computer lines here. Let's continue for a little bit:} 20...gxf6 21.Rhg1+ Kh8 $1 {[%c_effect h8;square;h8;type;GreatFind;persistent;true]} ( 21...Bxg1 $2 {[%c_effect g1;square;g1;type;Mistake;persistent;true]} 22.Rxg1+ Kh8 23.Qh6 Bb7 24.exf6 {with a decisive attack.} ) 22.Qh6 Rb8 23.exf6 Rxb2+ 24.Ka1 Qb7 25.Qg7+ Qxg7 26.fxg7+ Kg8 27.gxf8=Q+ Kxf8 28.Bxh7 $1 {[%c_effect h7;square;h7;type;GreatFind;persistent;true]} 28...Bxg1 29.Rxg1 {White has the advantage, but the game keeps going.} ) 18.g4 {The attack is decisive, and Anand plays superbly to demonstrate it.} 18...b4 19.gxf5 $1 {[%c_effect f5;square;f5;type;GreatFind;persistent;true]} 19...bxc3 ( 19...gxf5 {The opening of the g-file gives White many options.} 20.Na4 {There are other winning moves, but this is simple and good.} ( 20.Nxd5 {is interesting, but not the best way.} 20...exd5 21.Bxf5 ) ( 20.axb4 Nxb4 21.Ng5 {also results in a very strong attack.} ) 20...Ba7 21.Rhg1+ $1 {[%c_effect g1;square;g1;type;GreatFind;persistent;true]} 21...Bxg1 22.Rxg1+ Kh8 23.Nc5 {Black will not resist the combined attack of queen, rook, and two knights.} ) 20.fxg6 {Black's defense is destroyed.} 20...Rae8 ( 20...hxg6 21.Rhg1 $1 {[%c_effect g1;square;g1;type;GreatFind;persistent;true]} 21...Bxg1 22.Rxg1 {with a winning attack.} ) 21.Rhg1 $1 {[%c_effect g1;square;g1;type;GreatFind;persistent;true]} 21...Bxg1 22.Rxg1 Rxf4 23.Qxe6+ $3 {[%c_effect e6;square;e6;type;Brilliant;persistent;true] What a wonderful move. This is vintage Anand.} 23...Kf8 ( 23...Rxe6 24.gxh7+ Kf7 25.h8=Q {followed by mate.} ) 24.gxh7 1-0